000 00831nam a2200253Ia 4500
003 OSt
005 20220923212226.0
006 a|||||r|||| 00| 0
007 ta
008 220922b |||||||| |||| 00| 0 hin d
024 _a151,772
037 _cTextual
040 _aARTS
_cARTS
_bhin
041 _2hin
_ahin
082 _aO111,2N26,1, 152L8
100 _aशेफर, पीटर
245 0 _aअधेंरे में, अनु प्रताप सहगल
246 _aAdheanre mean, anu0 pratāp sahagala
260 _aदिल्ली
_b अभिनव प्रकाशन
_c1978
300 _a94 पृ.
_ccm.
650 _aहिन्दी साहित्य
_9156264
942 _hO111,2N26,1, 152L8
_cTEXL
_2CC
999 _c307445
_d307445